000
00277nam a2200097Ia 4500
008
171211s9999 xx 000 0 und d
245
_a
Discovery of Judo's Arsenal: Shin-Gi-Tai
260
_c
2008
650
_x
Martial Arts
856
_u
http://down.ebook777.com/064/2980626988.pdf
999
_c
348187
_d
348187